LIBRARY & INFORMATION CENTRE, KCAET, TAVANUR

ONLINE PUBLIC ACCESS CATALOGUE (OPAC)

Fundamental Principles of Road Engineering / (Record no. 4852)

MARC details
000 -LEADER
fixed length control field 00307cam a2200121ua 4500
082 ## - DEWEY DECIMAL CLASSIFICATION NUMBER
Classification number 625.7
Item number PRI/FU
100 ## - MAIN ENTRY--AUTHOR NAME
Personal name Priyani, V B .
245 ## - TITLE STATEMENT
Title Fundamental Principles of Road Engineering /
250 ## - EDITION STATEMENT
Edition statement 6 /
260 ## - PUBLICATION, DISTRIBUTION, ETC. (IMPRINT)
Place of publication New Delhi :
Name of publisher Charotar Book Stall ,
Year of publication 1966.
300 ## - PHYSICAL DESCRIPTION
Number of Pages 326 ; .
942 ## - ADDED ENTRY ELEMENTS (KOHA)
Koha item type Books
Holdings
Withdrawn status Lost status Damaged status Home library Current library Date acquired Full call number Accession Number Koha item type
Withdrawn   Damaged KAUAET KAUAET 07/04/2012 625.7 11333 Books
free website counter